| 000 | 00819nam a2200181Ia 4500 | ||
|---|---|---|---|
| 008 | 090124s9999 xx 000 0 und d | ||
| 082 | _b207095 | ||
| 100 | _aचतुर्वेदी सच्चिदानंद | ||
| 245 | _a अरुणाचल का आदिकालिन इतिहास एक झलक | ||
| 250 | _a1 | ||
| 260 |
_bचतुर्वेदी सच्चिदानंद _c2006 |
||
| 300 | _a172 | ||
| 600 | _aचतुर्वेदी सच्चिदानंद | ||
| 630 | _a अरुणाचल का आदिकालिन इतिहास एक झलक | ||
| 700 | _aचतुर्वेदी सच्चिदानंद | ||
| 730 | _a अरुणाचल का आदिकालिन इतिहास एक झलक | ||
| 942 | _cBOOK | ||
| 999 |
_c189123 _d189123 |
||